| 000 | 00749nac a22001931u 4500 | ||
|---|---|---|---|
| 008 | 100906s2000 nyu|||||r|||| 00| 0 eng d | ||
| 010 | _a 99056521 | ||
| 020 | _a0071358757 | ||
| 082 | 0 | 0 |
_a678.2 _bRUB _222 |
| 245 | 0 | 0 |
_aRubber Engineering / _cIndian Rubber Institute. |
| 260 |
_aNew York : _bMcGraw-Hill, _cc2000. |
||
| 300 |
_axix, 907 p. : _bill. ; _c25 cm. |
||
| 650 | 0 |
_aRubber. _918163 |
|
| 710 | 2 |
_aIndian Rubber Institute. _918164 |
|
| 856 | 4 | 2 |
_3Contributor biographical information _uhttp://www.loc.gov/catdir/bios/mh041/99056521.html |
| 856 | 4 | 2 |
_3Publisher description _uhttp://www.loc.gov/catdir/description/mh023/99056521.html |
| 856 | 4 | 2 |
_3Table of contents _uhttp://www.loc.gov/catdir/toc/mh023/99056521.html |
| 942 |
_cBB _k678.2 RUB _2ddc |
||
| 999 |
_c197 _d197 |
||